The Bedouin of cyrenaica : studies in personal and corporate power

Αποθηκεύτηκε σε:
Λεπτομέρειες βιβλιογραφικής εγγραφής
Κύριος συγγραφέας: Peters, Emrys L.
Μορφή: Βιβλίο
Γλώσσα:English
Δημοσίευση: Cambridge : Cambidge University Press, 1990
Θέματα:
Ετικέτες: Προσθήκη ετικέτας
Δεν υπάρχουν, Καταχωρήστε ετικέτα πρώτοι!

MARC

LEADER 00000nam a2200000 i 4500
001 1/5112
008 960514s1990 eng d
020 |a 0-521-38561-x 
035 |l 10015891 
040 |a GR-MY-UA  |b gre  |e aacr 
041 0 |a eng 
082 0 |a 961.2 
100 1 |a Peters, Emrys L. 
245 1 4 |a The Bedouin of cyrenaica :  |b studies in personal and corporate power /  |c Emrys L. Peters 
260 |a Cambridge :   |b Cambidge University Press,   |c 1990 
300 |a 310 p. 
504 |a Includes bibliographical references and index 
650 0 0 |a Bedouins  |z Libya  |z Barqah. 
651 0 |a Barqah (Libya)  |x Social life and customs. 
852 |a INST  |b LESVOS  |e 19960514  |h 961.2 PET  |p 005100010255  |q 005100010255  |t BK  |y 0 
909 |a Λ  |b 044013